000
00300nam a2200121Ia 4500
008
190216s9999||||xx |||||||||||||| ||und||
100
_a
Mikhail Sholokhov
245
0
_a
Virgin Soil Upturnjed
260
_b
Penguin Books
_c
1978
300
_a
451p
650
_a
English Novel-English Novel
942
_c
BK
999
_c
12041
_d
12041